The Healy lectures on admiralty law : (Record no. 77406)

MARC details
000 -LEADER
fixed length control field 00880nam a22002537a 4500
003 - CONTROL NUMBER IDENTIFIER
control field CBULib
005 - DATE AND TIME OF LATEST TRANSACTION
control field 20230728085446.0
008 - FIXED-LENGTH DATA ELEMENTS--GENERAL INFORMATION
fixed length control field 230509b |||||||| |||| 00| 0 eng d
020 ## - INTERNATIONAL STANDARD BOOK NUMBER
International Standard Book Number 9781138679221
040 ## - CATALOGING SOURCE
Original cataloging agency CBULib
Transcribing agency CBULib
Language of cataloging English
Description conventions rda
041 ## - LANGUAGE CODE
Language code of text/sound track or separate title eng
050 ## - LIBRARY OF CONGRESS CALL NUMBER
Classification number KB 10 Hea
100 1# - MAIN ENTRY--PERSONAL NAME
Personal name Kimball, John D.
9 (RLIN) 338
245 ## - TITLE STATEMENT
Title The Healy lectures on admiralty law :
Remainder of title texts of the biennial Nicholas J. Healy lectures given at New York University Law School, 2005-2015
Statement of responsibility, etc / edited by John D. Kimball
260 ## - PUBLICATION, DISTRIBUTION, ETC. (IMPRINT)
Name of publisher, distributor, etc Informa Law from Routledge,
Date of publication, distribution, etc 2016
Place of publication, distribution, etc Abington, Oxon, United Kingdom :
300 ## - PHYSICAL DESCRIPTION
Extent viii, 225 pages
336 ## - CONTENT TYPE
Source rdacontent
Content type term Text |
Content type code txt
337 ## - MEDIA TYPE
Source rdamedia
Media type term Unmediated |
Media type code n
338 ## - CARRIER TYPE
Source rdacarrier
Carrier type term Volume
Carrier type code nc
504 ## - BIBLIOGRAPHY, ETC. NOTE
Bibliography, etc Includes bibliographic references.
650 #0 - SUBJECT ADDED ENTRY--TOPICAL TERM
Topical term or geographic name as entry element UNITED STATES
9 (RLIN) 339
650 #0 - SUBJECT ADDED ENTRY--TOPICAL TERM
Topical term or geographic name as entry element ADMIRALTY
9 (RLIN) 340
942 ## - ADDED ENTRY ELEMENTS (KOHA)
Koha item type MONOGRAPH
Source of classification or shelving scheme
Holdings
Withdrawn status Lost status Source of classification or shelving scheme Damaged status Not for loan Collection code Permanent Location Current Location Shelving location Date acquired Source of acquisition Cost, normal purchase price Full call number Barcode Date last seen Copy number Price effective from Koha item type Cost, replacement price
          Main Library Open Access Collection CBU-MAIN LIBRARY, KITWE. CBU-MAIN LIBRARY, KITWE. General Stacks 04/26/2023 DON-BOOKAID 255.58 KB 10 Hea 751932 04/26/2023 1 04/26/2023 MONOGRAPH  
          Main Library Open Access Collection CBU-MAIN LIBRARY, KITWE. CBU-MAIN LIBRARY, KITWE. General Stacks 04/26/2023 DON-BOOKAID 255.58 KB 10 Hea 751933 04/26/2023 2 04/26/2023 MONOGRAPH 306.70
          Main Library Open Access Collection CBU-MAIN LIBRARY, KITWE. CBU-MAIN LIBRARY, KITWE. General Stacks 05/09/2023 DON-BOOKAID 255.58 KB 10 Hea 751934 05/09/2023 3 05/09/2023 MONOGRAPH 306.70